000 01240nam a2200349 a 4500
001 26095
003 CO-ViMGA
005 20230915232146.0
006 bimo0002018243
008 141112s2004 ck r 000 u spa d
016 _abimoBNE20050239802 SpMaBN
017 _aB 7190 - 2005 Oficina Depósito Legal Barcelona
020 _a8496108147
035 _a(OCoLC)433440122
040 _aCO-ViMGA
_bspa
_cCO-ViMGA
080 _a81'342
082 0 4 _a811.134 F27a
100 1 _aFernández Planas, Anna Maria
_940720
245 1 0 _aAsí se habla, nociones fundamentales de fonética general y española :
_bapuntes de catalán, gallego y euskara /
_cAna María Fernández Planas
250 _a1a. ed.
260 _aBarcelona Horsori 2005
300 _a197 p. il. 25 cm
490 _aColección Manuales 1
504 _aBibliografía : p. [191] - 192. Índice
650 1 4 _aFonética
_97578
650 1 4 _aLengua española - Fonética
_940721
830 _aColección Manuales (Editorial Horsori) 1
_940722
926 _aBNALCALA SG_PETANTI 12/297266 FONDO_MODE 1
942 _2ddc
_cBK
956 _a2
980 _a017. B 7190 - 2005 020. 84 - 96108 - 14 - 7 852. 40 M - BN BNALCALA MO04637220 12/297266 DG ALCALA
999 _c33316
_d33316